| 000 | 00645nam a22001577a 4500 | ||
|---|---|---|---|
| 008 | 170309b xxu||||| |||| 00| 0 eng d | ||
| 082 |
_22016 _aUT 0699 _bAp12 |
||
| 100 |
_919207 _aApas, Precious Joy D. |
||
| 245 |
_aPronunciation Anxiety and Willingness to Communicate of the First Year College Students in Univesrsity Of Mindanao Digos College. _cPrecious Joy D. Apas, Hazel Jane C. Malano and Loi M. Ramos. |
||
| 300 |
_a43 pages; _b28 cm. |
||
| 650 | 0 |
_919208 _aEducation _vEnglish _xUndergraduate Thesis. |
|
| 700 |
_919209 _aApas, Precious Joy D. |
||
| 700 |
_919210 _aMalano, Hazel Jane C. |
||
| 700 |
_919211 _aRamos, Loi M. |
||
| 942 |
_2ddc _cUT |
||
| 999 |
_c6377 _d6377 |
||